000 00987nam a2200289 i 4500
001 170170
003 ES-MaACL
005 20250827231411.0
008 090209s1980 ne |||| | eng d
020 _a90-277-1041-4
080 _a165.4
080 _a167/8
100 1 _aCornman, James W.
_9139384
245 1 0 _aSkepticism, justification, and explanation /
_cJames W. Cornman ; with a bibliographic essay by Walter N. Gregory.
260 _aDordrecht :
_bD. Reidel,
_c1980.
300 _aXXIX, 431 p. ;
_c23 cm.
490 1 _aPhilosophical studies series in philosophy ;
_v18
500 _aÍndices.
504 _aBibliografía.
650 0 7 _aEscepticismo
_2embne
_912353
650 4 _aCerteza.
_9135755
650 4 _aEpistemología.
_912338
650 4 _aHermenéutica.
_913329
830 0 _aPhilosophical studies series in philosophy ;
_v18
_9222977
852 4 _aES-MaACL
_jE-12431
_9R.140581
_z. - Biblioteca Jacinto Martínez Lacalle
999 _c170170
_d170170